| 000 | 01070aab a2200193 i 4500 | ||
|---|---|---|---|
| 001 | 768714001 | ||
| 003 | CO-MdFUSB | ||
| 005 | 20221115164036.0 | ||
| 008 | 221115s2002 sp ||||| |||| 00| 0 spa s | ||
| 040 |
_bspa _cCO-MdFUSB _dCO-MdFUSB |
||
| 041 | _aspa | ||
| 100 | 1 |
_aMena López, Maricel _eautor |
|
| 245 | 1 | 0 |
_aMujeres sabias en 1 Reyes 3 - 11 _c/ Maricel Mena López |
| 300 |
_aNúmero 294 (2002), Páginas 27 - 35 _c; 21 cm |
||
| 520 | _aEn este artículo se pretende estudiar la participación, sabiduría y resistencia de las mujeres en el reinado de Salomón. El estudio de sus diferentes funciones: "prostitutas", "madres", "Concubinas", "princesas", "reinas", abre una pista de comprensión de la monarquía salomónica no solamente a partir de una simple caracterización de las injusticias promovidas por el sistema, sino también a partir de la experiencia de las vidas construidas en loas márgenes de las exclusiones. | ||
| 650 | 7 |
_9107 _aSabiduría |
|
| 773 | 0 |
_tConcilium _049450 _960418 _gNúmero 294 (2002), Páginas 27 - 35 _qPáginas 27 |
|
| 942 | _cANA | ||
| 999 |
_c49971 _d49971 |
||